000 01296nam a2200277 a 4500
001 000698766
003 AM-YeHGA
005 20250617142501.0
008 091119s1978 ||||||||r|||||000|0|rus|d
040 _aAM-YeHGA
041 0 _arus
100 1 _aМалая, Любовь Трофимовна
245 1 0 _aПатология сердечно-сосудистой системы при вегетативно-эндокринных заболеваниях /
_cЛ.Т. Малая, М.Н. Тумановский, В.М. Провоторов.
260 _aВоронеж :
_bИзд-во Воронежского университета,
_c1978.
300 _a140 с. ;
_c20 см.
504 _aБиблиогр.: с. 120-131.
650 1 4 _aСердечно-сосудистые болезни
_xЭтиология
_xПатофизиология
650 1 4 _aВегетативная дисфункция
650 1 4 _aГипофиза болезни
650 1 4 _aНадпочечников болезни
650 1 4 _aЗоб диффузный токсический
650 1 4 _aДиабет сахарный
700 1 _aТумановский, Михаил Николаевич
700 1 _aПровоторов, Вячеслав Михайлович
090 _c260428
999 _c258818
_d258818